Fundamental problems in Quantum theory : a conference held in honor of professor John A. Wheeler

Αποθηκεύτηκε σε:
Λεπτομέρειες βιβλιογραφικής εγγραφής
Άλλοι συγγραφείς: Greenberger, Daniel M. (Επιμελητής έκδοσης), Zeilinger, Anton (Επιμελητής έκδοσης)
Μορφή: Βιβλίο
Γλώσσα:English
Δημοσίευση: New York : New York Academy of Sciences, 1995
Σειρά:Annals of the New York Academy of Sciences ; ; 755
Θέματα:
Ετικέτες: Προσθήκη ετικέτας
Δεν υπάρχουν, Καταχωρήστε ετικέτα πρώτοι!

MARC

LEADER 00000cam a2200000 i 4500
001 1/30921
008 060609s1995 eng d
020 |a 0-89766-921-5 (cloth) 
020 |a 0-89766-922-3 (pbk.) 
035 |l 10084272 
040 |a GR-MY-UA  |b gre  |e aacr 
041 0 |a eng 
082 0 |a 530.12  |2 (22) 
245 1 0 |a Fundamental problems in Quantum theory :  |b a conference held in honor of professor John A. Wheeler /  |c edited by Daniel Anton Zeilinger 
260 |a New York :   |b New York Academy of Sciences,   |c 1995 
300 |a xiv, 908 σ.;  |b εικ.;  |c 24 εκ. 
490 1 |a Annals of the New York Academy of Sciences  |v ; 755 
504 |a Περιλαμβάνει βιβλιογραφικές αναφορές και ευρετήριο 
600 1 0 |a Wheeler, John Archibald,   |d 1911-2008. 
650 0 0 |a Quantum theory  |x Congresses. 
650 0 0 |a Quantum optics  |x Congresses. 
700 1 |a Greenberger, Daniel M.  |4 edt 
700 1 |a Zeilinger, Anton.  |4 edt 
830 0 |a Annals of the New York Academy of Sciences ;  |v ; 755 
852 |a INST  |b RHODES  |c KRI  |e 20060609  |h  530.12 FUN  |p 005400020979  |q 005400020979  |t BK  |y 0 
901 |a BIBL4-2006-2 
909 |a Ρ  |b 123551 
970 |a ΚΟΖΑ  |b ΜΑΡΙΑ  |z 2006/06/09